| 000 | 00831nam a22002057a 4500 | ||
|---|---|---|---|
| 003 | UA-OsUOA | ||
| 001 | 42489 | ||
| 007 | ta | ||
| 008 | 20090206b un ||||| |||| 00| 0 ukr d | ||
| 090 |
_a050 _bУ45 |
||
| 942 | _cMG | ||
| 040 |
_aUA-OsUOA _beng _cUA-OsUOA _dUA-OsUOA |
||
| 245 |
_aУкраїнський православний Вісник _bDecember 1975 (33). April 1976 (34). June 1976 (35). September 1976 (36). December 1976 (37). April 1977 (38). June 1977 (39). September 1977 (40).December 1977 (41). April 1978 (42). June 1978 (43). |
||
| 955 | _a4 | ||
| 041 | _aeng | ||
| 080 | _a050 | ||
| 260 | _aLancaster | ||
| 650 | 7 |
_a050 Серійні публікації. Періодика галузі, Організація та інші типи поєднання (співробітництва) _2UDC |
|
| 999 |
_c440987 _d440987 |
||